000 00695nam a2200265 a 4500
003 AR-BaBNM
005 20251128203208.0
008 082120s2002 ||||||||||||||000 | spa||
040 _cAR-BaBNM
100 1 _aHochwälder, Fritz
245 0 0 _aAsí en la tierra como en el cielo
_bdrama en cinco actos
260 _aBuenos Aires
_bEmecé
_c1956
300 _a120 p.
490 0 _aTeatro del Mundo
650 4 _aLITERATURA ALEMANA
650 4 _aTEATRO
650 4 _aDRAMA
650 4 _aMISIONES JESUITICAS
650 4 _aEXPULSION DE LOS JESUITAS
653 _aHISTORIA PARAGUAYA
655 _aLITERATURA
700 1 _aThomas, Juan Jorge
_etraductor
942 _cBK
998 _cisola
999 _c2330
_d2330